The indelible image : (Record no. 35053)
[ view plain ]
| 000 -LEADER | |
|---|---|
| fixed length control field | 01065nam a2200277 4500 |
| 008 - FIXED-LENGTH DATA ELEMENTS--GENERAL INFORMATION | |
| fixed length control field | 101213m20099999ilua b 001 0 eng |
| 020 ## - INTERNATIONAL STANDARD BOOK NUMBER | |
| International Standard Book Number | 0830838619 (v. 1) :Php3692.00/Php1582.00/set of 2 volumes |
| 020 ## - INTERNATIONAL STANDARD BOOK NUMBER | |
| International Standard Book Number | 0830838627 (v. 2) |
| 020 ## - INTERNATIONAL STANDARD BOOK NUMBER | |
| International Standard Book Number | 9780830838615 (v. 1) |
| 020 ## - INTERNATIONAL STANDARD BOOK NUMBER | |
| International Standard Book Number | 9780830838622 (v. 2) |
| 090 ## - LOCALLY ASSIGNED LC-TYPE CALL NUMBER (OCLC); LOCAL CALL NUMBER (OCLC) | |
| Classification number (OCLC) (R) ; Classification number, CALL (RLIN) (NR) | BS2361.3 |
| Local cutter number (OCLC) ; Book number/undivided call number, CALL (RLIN) | W77i |
| -- | 2009 |
| -- | v. I |
| 100 1# - MAIN ENTRY--PERSONAL NAME | |
| Personal name | Witherington, Ben, |
| Dates associated with a name | 1951- |
| 245 14 - TITLE STATEMENT | |
| Title | The indelible image : |
| Remainder of title | the theological and ethical thought world of the New Testament / |
| Statement of responsibility, etc | Ben Witherington III. |
| 260 ## - PUBLICATION, DISTRIBUTION, ETC. (IMPRINT) | |
| Place of publication, distribution, etc | Downers Grove, Ill. : |
| Name of publisher, distributor, etc | IVP Academic, |
| Date of publication, distribution, etc | c2009- < 2010 > |
| 300 ## - PHYSICAL DESCRIPTION | |
| Extent | v. <1-2 > : |
| Other physical details | ill. ; |
| Dimensions | 24 cm. |
| 336 ## - CONTENT TYPE | |
| Content Type Term | text |
| 337 ## - MEDIA TYPE | |
| Media Type Term | unmediated |
| 338 ## - CARRIER TYPE | |
| Carrier Type Term | volume |
| 504 ## - BIBLIOGRAPHY, ETC. NOTE | |
| Bibliography, etc | Includes bibliographical references and indexes. |
| 505 0# - FORMATTED CONTENTS NOTE | |
| Formatted contents note | v. 1. The individual witnesses -- v. 2. The collective witness. |
| 630 04 - SUBJECT ADDED ENTRY--UNIFORM TITLE | |
| Uniform title | Bible. |
| Name of part/section of a work | N.T. |
| General subdivision | Criticism, interpretation, etc. |
| 951 ## - EQUIVALENCE OR CROSS-REFERENCE-GEOGRAPHIC NAME/AREA NAME [OBSOLETE] [CAN/MARC only] | |
| General subdivision | 00040545 |
| 856 ## - ELECTRONIC LOCATION AND ACCESS | |
| Uniform Resource Identifier | <a href="https://drive.google.com/file/d/1Q0sZeNuQmIhMoX6l8b26I7ecEbWzWGNX/view?usp=sharing">https://drive.google.com/file/d/1Q0sZeNuQmIhMoX6l8b26I7ecEbWzWGNX/view?usp=sharing</a> |
| 942 ## - ADDED ENTRY ELEMENTS (KOHA) | |
| Source of classification or shelving scheme | Library of Congress Classification |
| Item type | Books |
| Withdrawn status | Lost status | Damaged status | Not for loan | Home library | Current library | Shelving location | Date acquired | Inventory number | Shelving control number | Total Checkouts | Full call number | Barcode | Date last seen | Price effective from | Koha item type | Source of classification or shelving scheme |
|---|---|---|---|---|---|---|---|---|---|---|---|---|---|---|---|---|
| BSOP Library | BSOP Library | GC | 12/21/2000 | 34121 | 127 | GCBS2361.3/W77i/2009/v. I | 00040545 | 02/23/2013 | 02/23/2013 | Books | ||||||
| BSOP Library | Digital Library | 05/10/2024 | eB-01010 | 05/10/2024 | 05/10/2024 | eBooks | Library of Congress Classification |
